[Event "Milpitas SJCC 1000 GM Winter"]
[Site "Milpitas"]
[Date "2023.01.22"]
[Round "3"]
[White "Eswaran, Aksithi"]
[Black "Ganesan, Vikrant"]
[Result "1-0"]
[WhiteElo "1853"]
[BlackElo "1608"]
[PlyCount "101"]
[EventDate "2023.01.21"]
[EventType "swiss"]
[EventRounds "5"]
[EventCountry "USA"]
[SourceTitle "CBM 212 Extra"]
[Source "ChessBase"]
[SourceDate "2023.03.31"]
[SourceVersion "1"]
[SourceVersionDate "2023.03.31"]
[SourceQuality "1"]

1. e4 c5 2. Nf3 d6 3. d4 cxd4 4. Nxd4 Nf6 5. Nc3 a6 6. Be3 e5 7. Nf3 Be7 8. Bc4 0-0 9. 0-0 Nc6 10. Bg5 Be6 11. Bb3 Na5 12. Bxf6 Bxf6 13. Bd5 Qc7 14. Qd3 Rac8 15. Rfd1 Rfd8 16. Nd2 b5 17. a3 Bg5 18. Nf1 Nc4 19. Bxc4 Bxc4 20. Qf3 a5 21. Ng3 g6 22. Qg4 Bh6 23. Nf5 Bf8 24. Ne3 Be6 25. Qg3 b4 26. axb4 axb4 27. Ncd5 Bxd5 28. Rxd5 Kh8 29. Qh3 Qd7 30. Qf3 Bh6 31. Ng4 Bg7 32. Ne3 Bh6 33. Qf6+ Bg7 34. Qh4 f5 35. exf5 gxf5 36. Qxb4 f4 37. Nc4 Qc6 38. Rxd6 Qe4 39. Rxd8+ Rxd8 40. Qe7 Qd5 41. h3 Rg8 42. Nd6 Qxg2+ 43. Kxg2 Bf8+ 44. Kf3 Bxe7 45. Nf7+ Kg7 46. Nxe5 Kf6 47. Nd3 Rb8 48. Ra6+ Kg5 49. Ra5+ Kf6 50. Kxf4 Bd6+ 51. Kf3 1-0

[Event "Milpitas SJCC 1000 GM Winter"]
[Site "Milpitas"]
[Date "2023.01.22"]
[Round "5"]
[White "Karthi, Jashith"]
[Black "Eswaran, Aksithi"]
[Result "1-0"]
[WhiteElo "1696"]
[BlackElo "1853"]
[PlyCount "55"]
[EventDate "2023.01.21"]
[EventType "swiss"]
[EventRounds "5"]
[EventCountry "USA"]
[SourceTitle "CBM 212 Extra"]
[Source "ChessBase"]
[SourceDate "2023.03.31"]
[SourceVersion "1"]
[SourceVersionDate "2023.03.31"]
[SourceQuality "1"]

1. d4 d5 2. c4 c6 3. Nf3 Nf6 4. Nc3 e6 5. cxd5 exd5 6. Qc2 g6 7. Bg5 Be7 8. e3 Bf5 9. Bd3 Bxd3 10. Qxd3 0-0 11. 0-0 Nbd7 12. Nd2 Re8 13. h3 Nf8 14. Bxf6 Bxf6 15. b4 a6 16. a4 Ne6 17. Nb3 b6 18. Rac1 Qd6 19. b5 axb5 20. axb5 Qb4 21. Nd2 Ra3 22. bxc6 Bxd4 23. exd4 Nf4 24. Qb5 Qxd4 25. Nf3 Qf6 26. c7 Rf8 27. Nxd5 Nxd5 28. c8Q 1-0

[Event "Pan American-ch Hybrid U16 Girls 31st"]
[Site "Tornelo INT"]
[Date "2021.09.04"]
[Round "1"]
[White "Eswaran, Aksithi"]
[Black "Monteiro, Helen Ramazzotte"]
[Result "1-0"]
[WhiteElo "1803"]
[BlackElo "1302"]
[PlyCount "57"]
[EventDate "2021.09.04"]
[EventType "swiss"]
[EventRounds "9"]
[EventCountry "NET"]
[SourceTitle "EXT 2023"]
[Source "ChessBase"]
[SourceDate "2022.10.05"]
[SourceVersion "1"]
[SourceVersionDate "2022.10.05"]
[SourceQuality "1"]

1. e4 e6 2. d4 d5 3. e5 c5 4. c3 Nc6 5. Nf3 Qb6 6. a3 Nge7 7. b4 cxb4 8. cxb4 a6 9. Bb2 Bd7 10. Nc3 Nf5 11. Na4 Qa7 12. g4 Nfe7 13. Nc5 b6 14. Nxa6 Qb7 15. b5 Na5 16. Rc1 Rc8 17. a4 Ng6 18. Qd2 Nc4 19. Bxc4 Rxc4 20. 0-0 Rxa4 21. Rc7 Qa8 22. Rfc1 Ra5 23. Qc2 Rxb5 24. Rxd7 Qxa6 25. Qc6 Ne7 26. Rxe7+ Kxe7 27. Qc7+ Ke8 28. Qb8+ Kd7 29. Rc7# 1-0

[Event "Pan American-ch Hybrid U16 Girls 31st"]
[Site "Tornelo INT"]
[Date "2021.09.04"]
[Round "5"]
[White "Jimenez Salas, Maria Teresa"]
[Black "Eswaran, Aksithi"]
[Result "1/2-1/2"]
[WhiteElo "1468"]
[BlackElo "1803"]
[PlyCount "77"]
[EventDate "2021.09.04"]
[EventType "swiss"]
[EventRounds "9"]
[EventCountry "NET"]
[SourceTitle "EXT 2023"]
[Source "ChessBase"]
[SourceDate "2022.10.05"]
[SourceVersion "1"]
[SourceVersionDate "2022.10.05"]
[SourceQuality "1"]

1. e4 c5 2. Nf3 Nc6 3. d4 cxd4 4. Nxd4 Nf6 5. Nc3 e5 6. Ndb5 d6 7. Bg5 a6 8. Na3 Be6 9. Nd5 Bxd5 10. exd5 Qa5+ 11. c3 Qxd5 12. Bxf6 Qxd1+ 13. Rxd1 gxf6 14. Nc4 Rd8 15. Nb6 f5 16. g3 Rg8 17. Bg2 Rg6 18. 0-0 Bh6 19. Kh1 Kf8 20. Nd5 Ne7 21. Nxe7 Kxe7 22. Bxb7 a5 23. Bd5 Rgg8 24. b4 axb4 25. cxb4 Rb8 26. Rb1 Rgc8 27. b5 Rc5 28. Bc6 Rc4 29. Kg2 f4 30. Rfe1 f5 31. Kf1 Kf6 32. Rb3 fxg3 33. hxg3 e4 34. Reb1 Ke5 35. Rb4 Rc5 36. a4 Bd2 37. R4b3 d5 38. Ke2 Ba5 39. f4+ 1/2-1/2

[Event "Speed Chess (Women) Q7"]
[Site "Chess.com INT"]
[Date "2021.06.06"]
[Round "18"]
[White "Eswaran, Aksithi"]
[Black "Hng, Mei En Emmanuelle"]
[Result "1-0"]
[WhiteElo "1745"]
[BlackElo "2013"]
[PlyCount "67"]
[EventDate "2021.06.06"]
[EventType "swiss (blitz)"]
[EventRounds "21"]
[EventCountry "USA"]
[SourceTitle "CBM 202 Extra"]
[Source "ChessBase"]
[SourceDate "2021.07.31"]
[SourceVersion "1"]
[SourceVersionDate "2021.07.31"]
[SourceQuality "1"]

1. e4 c5 2. Nf3 e6 3. d4 cxd4 4. Nxd4 a6 5. c4 Qc7 6. Nc3 Nf6 7. Be3 Bb4 8. Bd3 Nc6 9. Nxc6 dxc6 10. 0-0 0-0 11. f4 e5 12. f5 Rd8 13. Qe2 b5 14. Bg5 Be7 15. cxb5 axb5 16. Bxf6 Bxf6 17. Rac1 Qb6+ 18. Kh1 b4 19. Nd1 Rxa2 20. Ne3 Ba6 21. Bxa6 Qxa6 22. Qc2 Rc8 23. Ng4 Bg5 24. Rcd1 Qb5 25. f6 h5 26. Rf5 hxg4 27. Rxg5 g6 28. Qf2 Qa4 29. Rg1 Kf8 30. Qh4 Ke8 31. Qh8+ Kd7 32. Qg7 Ke6 33. Rxg6 fxg6 34. Qe7# 1-0

[Event "Speed Chess (Women) Q7"]
[Site "Chess.com INT"]
[Date "2021.06.06"]
[Round "21"]
[White "Eswaran, Aksithi"]
[Black "Jakubowska, Anna"]
[Result "0-1"]
[WhiteElo "1745"]
[BlackElo "2073"]
[PlyCount "96"]
[EventDate "2021.06.06"]
[EventType "swiss (blitz)"]
[EventRounds "21"]
[EventCountry "USA"]
[SourceTitle "CBM 202 Extra"]
[Source "ChessBase"]
[SourceDate "2021.07.31"]
[SourceVersion "1"]
[SourceVersionDate "2021.07.31"]
[SourceQuality "1"]

1. e4 Nf6 2. e5 Nd5 3. c4 Nb6 4. c5 Nd5 5. Nc3 e6 6. Nxd5 exd5 7. d4 d6 8. cxd6 cxd6 9. Nf3 dxe5 10. dxe5 Be7 11. Be2 0-0 12. 0-0 Nc6 13. Be3 Bg4 14. Bf4 Qb6 15. Rb1 Rad8 16. h3 Bh5 17. Be3 d4 18. Bf4 d3 19. Bxd3 Bg6 20. Be3 Qa5 21. Bd2 Rxd3 22. Bxa5 Rxd1 23. Rfxd1 Bxb1 24. Rxb1 Nxa5 25. b4 Nc4 26. Rc1 b5 27. a4 a6 28. axb5 axb5 29. Nd4 Rb8 30. Nxb5 Rxb5 31. Rxc4 Rxb4 32. Rc8+ Bf8 33. Kh2 g6 34. g3 Re4 35. f4 Kg7 36. Kg2 h6 37. Kf3 Re1 38. Rc7 g5 39. Kg4 gxf4 40. gxf4 Rg1+ 41. Kf5 Kg8 42. Rc8 Kg7 43. Rc7 Re1 44. e6 Rxe6 45. h4 Rf6+ 46. Kg4 Rg6+ 47. Kf5 h5 48. Rc5 Bxc5 0-1

[Event "Speed Chess (Women) Q8"]
[Site "Chess.com INT"]
[Date "2021.06.06"]
[Round "10"]
[White "Eswaran, Aksithi"]
[Black "Matveeva, Olga"]
[Result "0-1"]
[WhiteElo "1745"]
[BlackElo "2145"]
[PlyCount "102"]
[EventDate "2021.06.06"]
[EventType "swiss (blitz)"]
[EventRounds "13"]
[EventCountry "USA"]
[SourceTitle "CBM 202 Extra"]
[Source "ChessBase"]
[SourceDate "2021.07.31"]
[SourceVersion "1"]
[SourceVersionDate "2021.07.31"]
[SourceQuality "1"]

1. e4 e6 2. d4 d5 3. e5 c5 4. c3 Qb6 5. Nf3 Nc6 6. a3 Nh6 7. b4 cxd4 8. cxd4 Nf5 9. Bb2 Be7 10. Be2 Bd7 11. 0-0 Na5 12. Nc3 Nc4 13. Bxc4 dxc4 14. Ne4 0-0 15. Bc3 Bc6 16. Neg5 h6 17. Nh3 Rfd8 18. Nf4 Bxf3 19. Qxf3 Nxd4 20. Qg3 Bg5 21. Bxd4 Qxd4 22. Nh5 g6 23. Nf6+ Bxf6 24. exf6 Qxf6 25. Rac1 Rac8 26. Qe3 b6 27. Qxh6 c3 28. Qe3 c2 29. Qe2 Qc3 30. h4 Rd2 31. Qg4 Qxa3 32. h5 Qd3 33. hxg6 Qxg6 34. Qf4 Rcd8 35. Qc4 Kg7 36. Qc3+ Kg8 37. Rfe1 Qf5 38. Rf1 Qd3 39. Qc7 Rd1 40. Kh2 Rxf1 41. Rxf1 Qd6+ 42. Qxd6 Rxd6 43. Rc1 Rc6 44. Kg3 a5 45. bxa5 bxa5 46. Kf3 a4 47. Ke2 a3 48. Kd2 a2 49. Ra1 c1Q+ 50. Rxc1 Rxc1 51. Kxc1 a1Q+ 0-1

[Event "Speed Chess (Women) Q7"]
[Site "Chess.com INT"]
[Date "2021.06.06"]
[Round "12"]
[White "Eswaran, Aksithi"]
[Black "Pandey, Srishti"]
[Result "0-1"]
[WhiteElo "1745"]
[BlackElo "2026"]
[PlyCount "52"]
[EventDate "2021.06.06"]
[EventType "swiss (blitz)"]
[EventRounds "21"]
[EventCountry "USA"]
[SourceTitle "CBM 202 Extra"]
[Source "ChessBase"]
[SourceDate "2021.07.31"]
[SourceVersion "1"]
[SourceVersionDate "2021.07.31"]
[SourceQuality "1"]

1. e4 e6 2. d4 d5 3. e5 c5 4. c3 Qb6 5. Nf3 Bd7 6. Be2 Bb5 7. 0-0 Bxe2 8. Qxe2 Qa6 9. Qd1 Nd7 10. Na3 Ne7 11. Nc2 Nf5 12. g4 Ne7 13. h3 h5 14. Kg2 0-0-0 15. Bg5 f6 16. exf6 gxf6 17. Bh4 Ng6 18. Bg3 Bd6 19. Ne3 Rdg8 20. dxc5 Nxc5 21. b4 Ne4 22. Bxd6 Qxd6 23. Kh1 hxg4 24. Nxg4 Rxh3+ 25. Kg2 Nf4+ 26. Kg1 Rxg4# 0-1

[Event "Speed Chess (Women) Q8"]
[Site "Chess.com INT"]
[Date "2021.06.06"]
[Round "5"]
[White "Eswaran, Aksithi"]
[Black "Petrova, Irina"]
[Result "1/2-1/2"]
[WhiteElo "1745"]
[BlackElo "2110"]
[PlyCount "133"]
[EventDate "2021.06.06"]
[EventType "swiss (blitz)"]
[EventRounds "13"]
[EventCountry "USA"]
[SourceTitle "CBM 202 Extra"]
[Source "ChessBase"]
[SourceDate "2021.07.31"]
[SourceVersion "1"]
[SourceVersionDate "2021.07.31"]
[SourceQuality "1"]

1. e4 d6 2. d4 Nf6 3. Nc3 e5 4. Nf3 Nbd7 5. Be2 Be7 6. 0-0 0-0 7. Bg5 c6 8. a4 h6 9. Bh4 exd4 10. Nxd4 Nc5 11. Bf3 Re8 12. b4 Ncd7 13. Nf5 Ne5 14. Bg3 Bxf5 15. exf5 Nxf3+ 16. Qxf3 d5 17. Rab1 Bd6 18. Bh4 Be5 19. Ne2 Qd6 20. h3 Ne4 21. Qe3 Nc3 22. Qf3 Nxe2+ 23. Kh1 Nd4 24. Qg4 Nxc2 25. Rfc1 Nd4 26. Rd1 b6 27. f6 g6 28. f4 Nf5 29. fxe5 Qxe5 30. Re1 Qd4 31. Rxe8+ Rxe8 32. Qxd4 Nxd4 33. Bf2 Nf5 34. Rc1 Re6 35. g4 Ne3 36. Bxe3 Rxe3 37. Rxc6 Rxh3+ 38. Kg2 Rb3 39. Rc8+ Kh7 40. Rc7 g5 41. Rxf7+ Kg6 42. Rxa7 Kxf6 43. b5 d4 44. Ra6 Ke5 45. Rxb6 Ra3 46. Rxh6 Rxa4 47. Rh5 Kf4 48. Rh6 Ra2+ 49. Kf1 d3 50. Rd6 Ke3 51. Re6+ Kd2 52. Rd6 Rb2 53. b6 Kc2 54. Rc6+ Kd1 55. Rd6 d2 56. Kf2 Kc1 57. Rc6+ Rc2 58. Rxc2+ Kxc2 59. b7 d1Q 60. b8Q Qd4+ 61. Kf3 Qd3+ 62. Kf2 Qd2+ 63. Kf3 Qd1+ 64. Kg3 Qd3+ 65. Kf2 Qd4+ 66. Kf3 Qd3+ 67. Kf2 1/2-1/2

[Event "Speed Chess (Women) Q8"]
[Site "Chess.com INT"]
[Date "2021.06.06"]
[Round "12"]
[White "Eswaran, Aksithi"]
[Black "Torres Hernandez, Leslie Carolin"]
[Result "0-1"]
[WhiteElo "1745"]
[BlackElo "1884"]
[PlyCount "114"]
[EventDate "2021.06.06"]
[EventType "swiss (blitz)"]
[EventRounds "13"]
[EventCountry "USA"]
[SourceTitle "CBM 202 Extra"]
[Source "ChessBase"]
[SourceDate "2021.07.31"]
[SourceVersion "1"]
[SourceVersionDate "2021.07.31"]
[SourceQuality "1"]

1. e4 c6 2. d4 d5 3. exd5 cxd5 4. Bd3 Nf6 5. c3 Nc6 6. Bf4 Bg4 7. Qb3 Qc8 8. Nd2 e6 9. Ngf3 Be7 10. 0-0 0-0 11. h3 Bh5 12. Ne5 Nxe5 13. Bxe5 Nd7 14. Rfe1 Nxe5 15. Rxe5 Bg6 16. Bxg6 hxg6 17. Nf3 Bd6 18. Ree1 a6 19. Qc2 Qd8 20. Ne5 Rc8 21. Qe2 Qg5 22. Qd3 b5 23. Re3 Bxe5 24. Rxe5 Qf4 25. Rae1 Rc7 26. a3 Rfc8 27. R5e3 Rc4 28. Qe2 a5 29. Rf3 Qh4 30. Rc1 b4 31. axb4 axb4 32. Ra1 bxc3 33. bxc3 Rxc3 34. Rxc3 Rxc3 35. Ra8+ Kh7 36. Qe5 Rc1+ 37. Kh2 Qxf2 38. Qb8 Qg1+ 39. Kg3 Rc3+ 40. Kg4 Qxg2+ 41. Kf4 Qf3+ 42. Ke5 Qe4+ 43. Kd6 Qf4+ 44. Ke7 Qxb8 45. Rxb8 Rc7+ 46. Kd6 Ra7 47. Ke5 Kh6 48. h4 Kh5 49. Kf4 g5+ 50. hxg5 Kg6 51. Rh8 Ra2 52. Rf8 Rf2+ 53. Kg4 Rf5 54. Kh4 Rxg5 55. Rg8 Rg1 56. Rf8 Rd1 57. Rd8 Rxd4+ 0-1

[Event "Speed Chess (Women) Q7"]
[Site "Chess.com INT"]
[Date "2021.06.06"]
[Round "10"]
[White "Kanyamarala, Trisha"]
[Black "Eswaran, Aksithi"]
[Result "1-0"]
[WhiteElo "2180"]
[BlackElo "1745"]
[PlyCount "89"]
[EventDate "2021.06.06"]
[EventType "swiss (blitz)"]
[EventRounds "21"]
[EventCountry "USA"]
[SourceTitle "CBM 202 Extra"]
[Source "ChessBase"]
[SourceDate "2021.07.31"]
[SourceVersion "1"]
[SourceVersionDate "2021.07.31"]
[SourceQuality "1"]

1. d4 d5 2. c4 c6 3. cxd5 cxd5 4. Bf4 Nf6 5. Nc3 Nc6 6. e3 a6 7. Be2 e6 8. Nf3 Bd6 9. Bg5 0-0 10. 0-0 h6 11. Bh4 Be7 12. Bd3 Bd7 13. Rc1 Rc8 14. Qe2 Nb4 15. Bb1 b5 16. Ne5 Nc6 17. f4 Nh7 18. Bxe7 Qxe7 19. Qd3 Nf6 20. Ng4 g6 21. Ne5 Nb4 22. Qe2 Kg7 23. a3 Nc6 24. Rf3 Rh8 25. Rg3 Be8 26. Qd3 Nxe5 27. fxe5 Ne4 28. Rf3 a5 29. Rcf1 Nxc3 30. bxc3 Rf8 31. Rf6 Rh8 32. Qe2 Rxc3 33. Qg4 Rxa3 34. Bxg6 fxg6 35. Rxe6 Qb7 36. Qf4 Bf7 37. Qf6+ Kg8 38. Re7 Qxe7 39. Qxe7 Rh7 40. Qd8+ Kg7 41. Qe7 Kg8 42. e6 Bxe6 43. Qxe6+ Kh8 44. Rf8+ Kg7 45. Qf6# 1-0

[Event "Speed Chess (Women) Q6"]
[Site "Chess.com INT"]
[Date "2021.06.05"]
[Round "3"]
[White "Eswaran, Aksithi"]
[Black "Fernandez, Maria Florencia"]
[Result "0-1"]
[WhiteElo "1745"]
[BlackElo "2229"]
[PlyCount "83"]
[EventDate "2021.06.05"]
[EventType "swiss (blitz)"]
[EventRounds "13"]
[EventCountry "USA"]
[SourceTitle "CBM 202 Extra"]
[Source "ChessBase"]
[SourceDate "2021.07.31"]
[SourceVersion "1"]
[SourceVersionDate "2021.07.31"]
[SourceQuality "1"]

1. e4 c5 2. Nf3 d6 3. d4 cxd4 4. Nxd4 Nf6 5. Nc3 g6 6. Be2 Bg7 7. Be3 0-0 8. Qd2 Nc6 9. 0-0-0 Bd7 10. Kb1 Rc8 11. f3 Ne5 12. h4 Nc4 13. Bxc4 Rxc4 14. g4 b5 15. Qd3 a6 16. h5 Qa5 17. Nb3 Qc7 18. hxg6 fxg6 19. Nd5 Nxd5 20. Qxd5+ Rf7 21. Qd3 Rxf3 22. Qd5+ e6 23. Qd2 Rxe4 24. Bh6 Bxh6 25. Qxh6 Rf7 26. Rhf1 Re2 27. Nd4 Ref2 28. Rxf2 Rxf2 29. Rh1 Rf7 30. Qe3 Qb7 31. Re1 Qd5 32. a3 e5 33. Nb3 Bxg4 34. Rg1 Bf5 35. Rc1 Rc7 36. Qb6 Rxc2 37. Qb8+ Kg7 38. Rxc2 Qxb3 39. Qc7+ Kh6 40. Qc3 Qxc2+ 41. Qxc2 Bxc2+ 42. Kxc2 0-1

[Event "Speed Chess (Women) Q6"]
[Site "Chess.com INT"]
[Date "2021.06.05"]
[Round "13"]
[White "Eswaran, Aksithi"]
[Black "Golubenko, Valentina"]
[Result "1-0"]
[WhiteElo "1745"]
[BlackElo "2209"]
[PlyCount "83"]
[EventDate "2021.06.05"]
[EventType "swiss (blitz)"]
[EventRounds "13"]
[EventCountry "USA"]
[SourceTitle "CBM 202 Extra"]
[Source "ChessBase"]
[SourceDate "2021.07.31"]
[SourceVersion "1"]
[SourceVersionDate "2021.07.31"]
[SourceQuality "1"]

1. e4 e6 2. d4 d5 3. e5 c5 4. c3 Nc6 5. Nf3 Nge7 6. a3 cxd4 7. cxd4 Nf5 8. b4 Qb6 9. Bb2 a5 10. b5 Na7 11. a4 Bb4+ 12. Nc3 Bd7 13. Rc1 0-0 14. Be2 Rac8 15. 0-0 h6 16. h3 Be7 17. Bd3 Nh4 18. Nxh4 Bxh4 19. Qg4 Be7 20. Nxd5 exd5 21. Qxd7 Bg5 22. Rxc8 Nxc8 23. Qxd5 Ne7 24. Qe4 Ng6 25. f4 Bd8 26. f5 Ne7 27. Ba3 f6 28. Bc4+ Kh7 29. Bc5 Qc7 30. Rc1 fxe5 31. f6+ Kh8 32. fxe7 Bxe7 33. Bxe7 Qxe7 34. Qxe5 Qa3 35. Rf1 Rxf1+ 36. Bxf1 Qf8 37. d5 Qc5+ 38. Kh1 b6 39. Qe8+ Kh7 40. Bd3+ g6 41. Qxg6+ Kh8 42. Qh7# 1-0

[Event "Speed Chess (Women) Q6"]
[Site "Chess.com INT"]
[Date "2021.06.05"]
[Round "5"]
[White "Eswaran, Aksithi"]
[Black "Kairbekova, Amina"]
[Result "0-1"]
[WhiteElo "1745"]
[BlackElo "2132"]
[PlyCount "74"]
[EventDate "2021.06.05"]
[EventType "swiss (blitz)"]
[EventRounds "13"]
[EventCountry "USA"]
[SourceTitle "CBM 202 Extra"]
[Source "ChessBase"]
[SourceDate "2021.07.31"]
[SourceVersion "1"]
[SourceVersionDate "2021.07.31"]
[SourceQuality "1"]

1. e4 c5 2. Nf3 Nc6 3. d4 cxd4 4. Nxd4 g6 5. c4 Nf6 6. Be3 Nxe4 7. Be2 Bg7 8. Bf3 Nf6 9. Nc3 0-0 10. 0-0 Ne5 11. Be2 d6 12. Qd2 Neg4 13. h3 Nxe3 14. Qxe3 a6 15. Rad1 Bd7 16. Bf3 Rb8 17. Rfe1 Re8 18. Nb3 Bc6 19. c5 d5 20. Qd3 e6 21. Nd4 Nd7 22. b4 Ne5 23. Qe2 Nxf3+ 24. Qxf3 e5 25. Nxc6 bxc6 26. a3 e4 27. Qe2 Bxc3 28. Rf1 Qc7 29. Qc2 Bg7 30. Rfe1 f5 31. Re2 d4 32. Qc4+ Kh8 33. Qxa6 Ra8 34. Qc4 Rxa3 35. f3 Rc3 36. Qa6 d3 37. Rxd3 Rxd3 0-1

[Event "Speed Chess (Women) Q6"]
[Site "Chess.com INT"]
[Date "2021.06.05"]
[Round "10"]
[White "Eswaran, Aksithi"]
[Black "Nanditha, V."]
[Result "1-0"]
[WhiteElo "1745"]
[BlackElo "1666"]
[PlyCount "127"]
[EventDate "2021.06.05"]
[EventType "swiss (blitz)"]
[EventRounds "13"]
[EventCountry "USA"]
[SourceTitle "CBM 202 Extra"]
[Source "ChessBase"]
[SourceDate "2021.07.31"]
[SourceVersion "1"]
[SourceVersionDate "2021.07.31"]
[SourceQuality "1"]

1. e4 c6 2. d4 d5 3. exd5 cxd5 4. Bd3 Nf6 5. c3 Nc6 6. Bf4 Bg4 7. Qb3 Qd7 8. Nd2 e6 9. Ngf3 Na5 10. Qc2 Nc6 11. 0-0 Bd6 12. Ne5 Qc7 13. Rfe1 0-0-0 14. Bb5 Bf5 15. Qa4 Bxe5 16. Bxe5 Qb6 17. Bxc6 bxc6 18. Nb3 Nd7 19. Bd6 Qb7 20. Nc5 Nxc5 21. Bxc5 a6 22. Qa5 h5 23. a4 Rh6 24. b4 Bd3 25. Bb6 Rg8 26. Red1 Bc4 27. Rdb1 Kd7 28. b5 cxb5 29. axb5 Bxb5 30. Rxb5 axb5 31. Qxb5+ Kc8 32. Qc5+ Kb8 33. Qd6+ Kc8 34. Ra7 Qxa7 35. Bxa7 e5 36. Qb8+ Kd7 37. Qxg8 Ra6 38. Qxf7+ Kc8 39. Qe8+ Kc7 40. Qe7+ Kc8 41. Qe8+ Kc7 42. Qxe5+ Kc8 43. h4 Rxa7 44. Kh2 Rf7 45. Qxh5 Rf6 46. Qh8+ Kd7 47. Qxg7+ Ke6 48. Qxf6+ Kxf6 49. Kg3 Kf5 50. h5 Kg5 51. Kf3 Kxh5 52. Kf4 Kh4 53. Ke5 Kg4 54. Kxd5 Kf4 55. c4 Kf5 56. c5 Kf4 57. c6 Kf5 58. c7 Kf4 59. c8Q Kg5 60. Qf8 Kg4 61. Ke5 Kg5 62. Qg8+ Kh5 63. Kf5 Kh6 64. Qg6# 1-0

[Event "Speed Chess (Women) Q6"]
[Site "Chess.com INT"]
[Date "2021.06.05"]
[Round "6"]
[White "Grineva, Marianna"]
[Black "Eswaran, Aksithi"]
[Result "1-0"]
[WhiteElo "2029"]
[BlackElo "1745"]
[PlyCount "107"]
[EventDate "2021.06.05"]
[EventType "swiss (blitz)"]
[EventRounds "13"]
[EventCountry "USA"]
[SourceTitle "CBM 202 Extra"]
[Source "ChessBase"]
[SourceDate "2021.07.31"]
[SourceVersion "1"]
[SourceVersionDate "2021.07.31"]
[SourceQuality "1"]

1. e4 c5 2. Nf3 Nc6 3. d4 cxd4 4. Nxd4 Nf6 5. Nc3 e5 6. Ndb5 d6 7. Nd5 Nxd5 8. exd5 Nb8 9. c4 Be7 10. Bd3 0-0 11. 0-0 a6 12. Nc3 f5 13. f3 Nd7 14. b4 Qb6+ 15. Kh1 Qxb4 16. Bd2 Qb6 17. Qe1 Nc5 18. Bc2 Bd7 19. Qg3 Qc7 20. Qh3 Rac8 21. g4 Bf6 22. Rg1 h6 23. Bxh6 gxh6 24. Qxh6 Bg7 25. gxf5 Bxf5 26. Bxf5 Rxf5 27. Rxg7+ Qxg7 28. Rg1 Qxg1+ 29. Kxg1 Rf7 30. Qxd6 Nd3 31. Qe6 Rcf8 32. d6 Kg7 33. Qg4+ Kh8 34. Qh5+ Kg7 35. Qg5+ Kh8 36. Qh6+ Kg8 37. Nd5 Rg7+ 38. Kf1 Rgf7 39. Ne7+ Rxe7 40. dxe7 Re8 41. Qf6 Nc5 42. Ke2 Nd7 43. Qe6+ Kg7 44. Qxd7 Kf7 45. Qxb7 Rxe7 46. Qxa6 e4 47. f4 e3 48. f5 Ke8 49. c5 Kf7 50. Qg6+ Kf8 51. c6 Rc7 52. Qd6+ Re7 53. c7 Kf7 54. c8Q 1-0

[Event "Speed Chess (Women) Q6"]
[Site "Chess.com INT"]
[Date "2021.06.05"]
[Round "11"]
[White "Kanyamarala, Trisha"]
[Black "Eswaran, Aksithi"]
[Result "1-0"]
[WhiteElo "2180"]
[BlackElo "1745"]
[PlyCount "71"]
[EventDate "2021.06.05"]
[EventType "swiss (blitz)"]
[EventRounds "13"]
[EventCountry "USA"]
[SourceTitle "CBM 202 Extra"]
[Source "ChessBase"]
[SourceDate "2021.07.31"]
[SourceVersion "1"]
[SourceVersionDate "2021.07.31"]
[SourceQuality "1"]

1. e4 c5 2. Nf3 Nc6 3. Bb5 g6 4. c3 Bg7 5. 0-0 a6 6. Bxc6 dxc6 7. d3 e5 8. Be3 b6 9. h3 Qd6 10. Qe2 Ne7 11. Nbd2 0-0 12. Rad1 Rd8 13. Nc4 Qc7 14. d4 cxd4 15. cxd4 exd4 16. Bxd4 b5 17. Bb6 Rxd1 18. Bxc7 Rxf1+ 19. Qxf1 bxc4 20. Qxc4 Be6 21. Qc5 Bf8 22. Bd6 Re8 23. b3 h5 24. Nd4 Bd7 25. a4 Nc8 26. Bxf8 Rxf8 27. Nxc6 Re8 28. Ne5 Be6 29. b4 Ne7 30. b5 axb5 31. axb5 Kf8 32. Nc6 Bd7 33. Nxe7 Rxe7 34. b6 Ke8 35. b7 Rxe4 36. b8Q+ 1-0

[Event "Speed Chess (Women) Q5"]
[Site "Chess.com INT"]
[Date "2021.06.04"]
[Round "6"]
[White "Eswaran, Aksithi"]
[Black "Szente Varga, Fruzsina"]
[Result "1-0"]
[WhiteElo "1745"]
[BlackElo "2100"]
[PlyCount "91"]
[EventDate "2021.06.04"]
[EventType "swiss (blitz)"]
[EventRounds "9"]
[EventCountry "USA"]
[SourceTitle "CBM 202 Extra"]
[Source "ChessBase"]
[SourceDate "2021.07.31"]
[SourceVersion "1"]
[SourceVersionDate "2021.07.31"]
[SourceQuality "1"]

1. e4 e5 2. Nf3 Nc6 3. Bc4 Bc5 4. c3 Nf6 5. d4 exd4 6. e5 d5 7. Bb5 Ne4 8. cxd4 Bb4+ 9. Nbd2 0-0 10. h3 f6 11. 0-0 fxe5 12. Bxc6 bxc6 13. Nxe5 Bxd2 14. Bxd2 Qf6 15. Be3 c5 16. Qb3 c4 17. Qc2 Bf5 18. g4 Be6 19. f4 Rab8 20. Rab1 Qh4 21. Qg2 h5 22. Ng6 Qf6 23. Nxf8 Rxf8 24. f5 Bd7 25. g5 Qd6 26. f6 g6 27. Bf4 Qb6 28. Be5 Qe6 29. Kh2 Nd6 30. Rbe1 Ne4 31. Rxe4 dxe4 32. f7+ Kh7 33. Rf6 Qd5 34. Qf2 Bf5 35. Rxf5 Qd8 36. Rf6 Qd7 37. Qe3 c5 38. Qxe4 Qxf7 39. Rxf7+ Rxf7 40. dxc5 Rf2+ 41. Kg3 Rf7 42. c6 Rf8 43. c7 Rc8 44. Qc6 Rg8 45. Qd7+ Rg7 46. Qxg7# 1-0

[Event "Speed Chess (Women) Q5"]
[Site "Chess.com INT"]
[Date "2021.06.04"]
[Round "7"]
[White "Priyanka, K."]
[Black "Eswaran, Aksithi"]
[Result "1-0"]
[WhiteElo "2218"]
[BlackElo "1745"]
[PlyCount "63"]
[EventDate "2021.06.04"]
[EventType "swiss (blitz)"]
[EventRounds "9"]
[EventCountry "USA"]
[SourceTitle "CBM 202 Extra"]
[Source "ChessBase"]
[SourceDate "2021.07.31"]
[SourceVersion "1"]
[SourceVersionDate "2021.07.31"]
[SourceQuality "1"]

1. e4 c5 2. Nf3 Nc6 3. d4 cxd4 4. Nxd4 Nf6 5. Nc3 e5 6. Ndb5 d6 7. Bg5 a6 8. Na3 Be6 9. Nc4 Rc8 10. Ne3 Be7 11. Bxf6 Bxf6 12. Ncd5 Bg5 13. c3 Ne7 14. Nxe7 Bxe7 15. Be2 0-0 16. 0-0 Bg5 17. Nd5 Rc5 18. b4 Rc8 19. c4 Kh8 20. Qd3 f5 21. Rad1 f4 22. Bf3 Bh4 23. Rc1 Qg5 24. a4 Bh3 25. Kh1 Be6 26. a5 Qg6 27. Nb6 Rc6 28. b5 axb5 29. cxb5 Rxc1 30. Rxc1 Bxf2 31. Qxd6 Be3 32. Qxf8+ 1-0

[Event "Speed Chess (Women) Q4"]
[Site "Chess.com INT"]
[Date "2021.06.03"]
[Round "9"]
[White "Eswaran, Aksithi"]
[Black "Golubenko, Valentina"]
[Result "0-1"]
[WhiteElo "1745"]
[BlackElo "2209"]
[PlyCount "64"]
[EventDate "2021.06.03"]
[EventType "swiss (blitz)"]
[EventRounds "13"]
[EventCountry "USA"]
[SourceTitle "CBM 202 Extra"]
[Source "ChessBase"]
[SourceDate "2021.07.31"]
[SourceVersion "1"]
[SourceVersionDate "2021.07.31"]
[SourceQuality "1"]

1. e4 e6 2. d4 d5 3. e5 c5 4. c3 Nc6 5. Nf3 f6 6. Be2 Qc7 7. exf6 Nxf6 8. Na3 a6 9. Nc2 Bd6 10. Bg5 0-0 11. Bxf6 Rxf6 12. Qd3 c4 13. Qd2 Qf7 14. 0-0-0 b5 15. g3 Rxf3 16. Bxf3 Qxf3 17. Rde1 Bd7 18. h4 Rf8 19. Ref1 e5 20. h5 b4 21. h6 g6 22. Re1 b3 23. axb3 cxb3 24. Ne3 exd4 25. cxd4 Bb4 26. Qd3 Bxe1 27. Rxe1 Qxf2 28. Rf1 Nb4 29. Qxb3 Rc8+ 30. Kb1 Qxf1+ 31. Nxf1 Bf5+ 32. Ka1 Rc1# 0-1